| 000 | 00599nam a22001817a 4500 | ||
|---|---|---|---|
| 003 | BD-DhUL | ||
| 005 | 20170730150212.0 | ||
| 008 | 170730s1928 ua ||||| |||| 000 0 ara d | ||
| 040 |
_aBD-DhUL _cBD-DhUL |
||
| 082 |
_a892.709 _bAHW |
||
| 100 | 3 | _aاحمدالاسکندری۔ | |
| 245 | 0 |
_aالوسیط فی الادب العربی وتاریخه / _cاحمدالاسکندری۔ |
|
| 246 | _aAl-Wasīt fī al-adab al-Arabī wa Tārihuhu. | ||
| 260 |
_aمصر : _bنجیب متري، _c۱۹۲۸۔ |
||
| 300 |
_aص۔ ۳۵۹ ؛ _c۲۳ سم۔ |
||
| 650 | 0 | _aArabic literature. | |
| 942 |
_2ddc _cBK |
||
| 999 |
_c212798 _d212798 |
||